000
00311pab a2200145 454500
008
180718b1983 xxu||||| |||| 00| 0 eng d
100
_a
Sekhar, A.
245
_a
Irrigation scheduling
260
_c
1983
300
_a
180-2
362
_a
Oct.
650
_a
Irrigation
773
_a
Bhagirath
909
_a
11369
999
_c
11369
_d
11369